Losowe, sekwencyjne stany USA na mapie - Statystyki

Ogólne statystyki
  • Ten quiz został rozwiązany 720 razy
  • Średni wynik to 28 z 50
Odpowiedzi na mapie
Odpowiedzi zakodowano w zielono-czerwonej skali na mapie do tego quizu, zgodnie z poniższymi procentami.
 
Statystyki odpowiedzi
Stan % Poprawnych
Kalifornia
70%
Georgia
68%
Kansas
67%
Alaska
66%
Nebraska
65%
Idaho
63%
Nevada
63%
Floryda
62%
Teksas
62%
Wisconsin
61%
Maryland
60%
Ohio
60%
Oregon
60%
Waszyngton
60%
Dakota Północna
59%
Luizjana
59%
Minnesota
59%
Alabama
58%
Karolina Południowa
58%
Maine
58%
Connecticut
57%
Delaware
57%
Kentucky
57%
Nowy Meksyk
57%
Vermont
57%
Wirginia
57%
Wirginia Zachodnia
56%
Arkansas
55%
Illinois
55%
Missisippi
55%
Michigan
54%
Arizona
53%
Missouri
53%
New Hampshire
53%
Hawaje
52%
Indiana
52%
Iowa
52%
Oklahoma
52%
Dakota Południowa
51%
New Jersey
51%
Pensylwania
51%
Tennessee
51%
Kolorado
50%
Montana
50%
Rhode Island
50%
Utah
50%
Wyoming
50%
Massachusetts
49%
Nowy Jork
49%
Karolina Północna
48%
Nie znaleziono quizów pasujących do podanych kryteriów
Rozkład punktacji
Procent ludzi z każdym wynikiem
Percentyl według liczby udzielonych odpowiedzi
Twoja historia wyników
Nie rozwiązałeś tego quizu